[Event "SR 2. liga A 2002/2003"]
[Site "?"]
[Date "2003.02.09"]
[Round "9.7"]
[White "Raczko, Peter"]
[Black "Bukovsky, Milan"]
[Result "1/2-1/2"]
[WhiteElo "2067"]
[BlackElo "2056"]
[PlyCount "105"]
[EventDate "2002.??.??"]

1. e4 e5 2. Nf3 Nc6 3. Nc3 Nf6 4. d4 exd4 5. Nxd4 Bb4 6. Nxc6 bxc6 7. Bd3 d5 8.
exd5 cxd5 9. Qe2+ Qe7 10. Qxe7+ Kxe7 11. O-O Rd8 12. Bg5 Bxc3 13. bxc3 h6 14.
Bh4 c6 15. f3 Be6 16. Rab1 Rdb8 17. Bf2 Nd7 18. Rb3 c5 19. Bb5 d4 20. c4 Rxb5
21. cxb5 Bxb3 22. axb3 Rb8 23. Ra1 Rxb5 24. Rxa7 Ke6 25. Kf1 d3 26. cxd3 Rxb3
27. Ke2 Rb2+ 28. Ke3 Ne5 29. Ra3 Kd5 30. g4 Rb5 31. Bg3 Nc6 32. h4 Nd4 33. Ra2
f5 34. Bh2 fxg4 35. fxg4 Rb7 36. Bg1 Rf7 37. Rf2 Re7+ 38. Kd2 Nb3+ 39. Kc3 Nd4
40. Kd2 Ra7 41. Ke3 Ra1 42. Bh2 Re1+ 43. Kd2 Rh1 44. Ke3 g6 45. h5 gxh5 46.
gxh5 Re1+ 47. Kd2 Re6 48. Bb8 Rb6 49. Rf8 Rb2+ 50. Kd1 Rb1+ 51. Kd2 Rh1 52.
Rd8+ Ke6 53. Bf4 1/2-1/2

[Event "SR 2. liga A 2002/2003"]
[Site "?"]
[Date "2003.02.09"]
[Round "9.7"]
[White "Samko, Karol"]
[Black "Borik, M."]
[Result "1/2-1/2"]
[WhiteElo "1974"]
[BlackElo "1951"]
[PlyCount "49"]
[EventDate "2002.??.??"]

1. e4 c5 2. Nf3 d6 3. d4 cxd4 4. Nxd4 Nf6 5. Nc3 a6 6. Bg5 e6 7. f4 Nbd7 8. Qf3
Qc7 9. O-O-O b5 10. Bxb5 axb5 11. Ndxb5 Qb8 12. e5 Ra5 13. exf6 gxf6 14. Bh6
Bxh6 15. Nxd6+ Ke7 16. Kb1 Qa8 17. Qg4 Qc6 18. Rhe1 Rd8 19. Nf5+ Rxf5 20. Qxf5
Ne5 21. Qxh7 Rxd1+ 22. Rxd1 Bxf4 23. g3 Be3 24. Ne4 Bb6 25. Nxf6 1/2-1/2

[Event "SR 2. liga A 2002/2003"]
[Site "?"]
[Date "2003.02.09"]
[Round "9.8"]
[White "Chrenko, Peter"]
[Black "Vach, Jozef"]
[Result "1/2-1/2"]
[WhiteElo "2029"]
[BlackElo "1860"]
[PlyCount "39"]
[EventDate "2002.??.??"]

1. e4 c5 2. Nf3 d6 3. d4 cxd4 4. Nxd4 Nf6 5. Nc3 a6 6. Be2 e5 7. Nb3 Be7 8. O-O
O-O 9. Be3 Be6 10. Qd2 Nbd7 11. a4 Rc8 12. a5 Qc7 13. Rfd1 Rfd8 14. Qe1 Qc6 15.
Bf3 Ra8 16. Rd2 b5 17. axb6 Nxb6 18. Nd5 Bxd5 19. exd5 Qc7 20. Na5 1/2-1/2

[Event "SR 2. liga A 2002/2003"]
[Site "?"]
[Date "2003.02.09"]
[Round "9.8"]
[White "Godula, Martin"]
[Black "Pospichal, Karol"]
[Result "1/2-1/2"]
[WhiteElo "1854"]
[BlackElo "2089"]
[PlyCount "92"]
[EventDate "2002.??.??"]

1. d4 Nf6 2. c4 c5 3. d5 b5 4. cxb5 a6 5. b6 g6 6. Nc3 Qxb6 7. e4 d6 8. Bd3 Bg7
9. Nge2 O-O 10. O-O Nbd7 11. Rb1 Ne5 12. Bc2 Qa7 13. Kh1 Nc4 14. Bd3 Nb6 15. h3
Bd7 16. Be3 Rfb8 17. b4 cxb4 18. Rxb4 Qc7 19. Qb3 Nc8 20. Rb1 Rxb4 21. Qxb4 e6
22. Bd4 Ne7 23. Qb7 Rc8 24. Bxa6 exd5 25. Qxc7 Rxc7 26. Rb8+ Ne8 27. Bxg7 Kxg7
28. exd5 Nf6 29. Rb6 Bf5 30. Rxd6 Rc5 31. Bb7 Ne4 32. Nxe4 Bxe4 33. Ng3 Bxd5
34. Bxd5 Nxd5 35. Ra6 Rc1+ 36. Kh2 Rc2 37. Nh1 Nb4 38. Ra7 Rxa2 39. Rxa2 Nxa2
40. Kg3 Nc3 41. Kf3 f5 42. g4 Kf6 43. Ng3 fxg4+ 44. Kxg4 h6 45. f4 Nd5 46. Kf3
Nc3 1/2-1/2

[Event "SR 2. liga A 2002/2003"]
[Site "?"]
[Date "2003.02.09"]
[Round "9.8"]
[White "Karlik, Lubomir"]
[Black "Kosegi, Marek"]
[Result "1/2-1/2"]
[WhiteElo "1891"]
[BlackElo "1739"]
[PlyCount "91"]
[EventDate "2002.??.??"]

1. d4 Nf6 2. c4 g6 3. Nc3 d5 4. Bg5 Bg7 5. Bxf6 exf6 6. cxd5 c5 7. dxc6 Nxc6 8.
e3 Qb6 9. Qd2 O-O 10. Nf3 Rd8 11. Be2 f5 12. O-O f4 13. Rac1 Bh6 14. Na4 fxe3
15. fxe3 Qa5 16. Qxa5 Bxe3+ 17. Kh1 Nxa5 18. Rcd1 Bf5 19. Bd3 Bg4 20. h3 Bxf3
21. Rxf3 Bxd4 22. Bf1 Nc6 23. Rfd3 a6 24. Be2 Bg7 25. Nc5 Rxd3 26. Bxd3 Bxb2
27. Nxb7 Rb8 28. Bxa6 Nb4 29. Nc5 Nxa6 30. Nxa6 Ra8 31. Rb1 Bd4 32. Rb8+ Rxb8
33. Nxb8 f5 34. Nc6 Bc5 35. Kh2 Kf7 36. Kg3 Ke6 37. Kf4 h6 38. Na5 Bd6+ 39. Kf3
Kd5 40. Nb3 g5 41. Nd2 Kd4 42. Nf1 h5 43. a4 g4+ 44. hxg4 hxg4+ 45. Ke2 f4 46.
a5 1/2-1/2

[Event "SR 2. liga A 2002/2003"]
[Site "?"]
[Date "2003.02.09"]
[Round "9.8"]
[White "Krist, Milan"]
[Black "Dzavik, Jozef"]
[Result "1/2-1/2"]
[WhiteElo "2001"]
[BlackElo "1997"]
[PlyCount "58"]
[EventDate "2002.??.??"]

1. d4 Nf6 2. c4 e6 3. Nc3 Bb4 4. Bd2 O-O 5. a3 Bxc3 6. Bxc3 c5 7. dxc5 Ne4 8.
Qd4 Nxc3 9. Qxc3 a5 10. Nf3 Qe7 11. b4 b6 12. e3 axb4 13. axb4 Rxa1+ 14. Qxa1
bxc5 15. b5 d5 16. Be2 Qb7 17. O-O Nd7 18. Qa3 Qb6 19. Ra1 Bb7 20. Qc3 Ra8 21.
h3 h6 22. Rxa8+ Bxa8 23. Qa1 Bb7 24. Ne5 Nf6 25. Bd3 dxc4 26. Bxc4 Ne4 27. Qd1
Nd6 28. Qa4 Ne4 29. Qd1 Nd6 1/2-1/2

[Event "SR 2. liga A 2002/2003"]
[Site "?"]
[Date "2003.02.09"]
[Round "9.8"]
[White "Sabolik, Frantisek"]
[Black "Zisek, Jaroslav"]
[Result "1-0"]
[WhiteElo "2129"]
[BlackElo "1732"]
[PlyCount "81"]
[EventDate "2002.??.??"]

1. d4 Nf6 2. c4 g6 3. Nc3 Bg7 4. e4 d6 5. Bg5 O-O 6. Qd2 Nbd7 7. f3 c5 8. d5
Re8 9. Bh6 Bh8 10. h3 a6 11. g4 Qa5 12. Be3 Rb8 13. a4 Rd8 14. Ra3 Qb4 15. Qc2
Ne8 16. Bd2 Qb6 17. f4 Nef6 18. Nf3 Qc7 19. Bd3 Nf8 20. Ne2 e6 21. dxe6 fxe6
22. f5 exf5 23. gxf5 gxf5 24. Rg1+ Kf7 25. e5 dxe5 26. Nxe5+ Ke8 27. Bxf5 Bxf5
28. Qxf5 Qc8 29. Qf3 Rd6 30. Re3 Re6 31. Nf4 Re7 32. Nh5 N8d7 33. Bc3 Re6 34.
Rg8+ Nxg8 35. Qf7+ Kd8 36. Qxe6 Nxe5 37. Qxg8+ Kc7 38. Qxh7+ Nd7 39. Nf6 Bxf6
40. Bxf6 Kc6 41. Re6+ 1-0

[Event "SR 2. liga A 2002/2003"]
[Site "?"]
[Date "2003.02.09"]
[Round "9.8"]
[White "Slamena, Michal"]
[Black "Garaj, Ivan"]
[Result "0-1"]
[WhiteElo "1717"]
[BlackElo "1728"]
[PlyCount "60"]
[EventDate "2002.??.??"]

1. e4 e6 2. d4 d5 3. Nc3 dxe4 4. Nxe4 Nd7 5. Nf3 Ngf6 6. Bg5 Be7 7. Bxf6 Nxf6
8. Bd3 h6 9. Qd2 c6 10. h3 b6 11. O-O-O Bb7 12. Rhe1 Qc7 13. Ne5 Rf8 14. g4
O-O-O 15. c3 Nd5 16. Kb1 Kb8 17. Ng3 Bg5 18. Qc2 Nf4 19. Nh5 Nxd3 20. Qxd3 g6
21. Ng3 c5 22. Ne4 Bf4 23. Nf6 Qe7 24. Ned7+ Rxd7 25. Nxd7+ Qxd7 26. Qe2 Qc7
27. dxc5 bxc5 28. c4 e5 29. Rd3 f5 30. Red1 Be4 0-1

[Event "SR 2. liga A 2002/2003"]
[Site "?"]
[Date "2003.03.15"]
[Round "10.1"]
[White "Duriga, Stefan"]
[Black "Smolen, Jan"]
[Result "0-1"]
[WhiteElo "2221"]
[BlackElo "2157"]
[PlyCount "98"]
[EventDate "2002.??.??"]

1. d4 d5 2. Nf3 Nf6 3. c4 e6 4. Nc3 Be7 5. Bf4 O-O 6. e3 Nbd7 7. Rc1 a6 8. c5
Nh5 9. Bd3 Nxf4 10. exf4 Nf6 11. O-O Bd7 12. Re1 b6 13. b4 Bb5 14. Bb1 g6 15.
Ne5 Nd7 16. Nxb5 axb5 17. Nc6 Qe8 18. Qd3 bxc5 19. bxc5 Bf6 20. f5 Nb8 21. Ne5
Bxe5 22. Rxe5 Nc6 23. Re3 Ra4 24. Rh3 exf5 25. Qd2 Qe7 26. Bd3 Nxd4 27. Qh6 f6
28. Qd2 Re8 29. Re3 Qf7 30. c6 Kg7 31. Rce1 Rxe3 32. fxe3 Ne6 33. Bxb5 Re4 34.
a4 d4 35. exd4 Rxe1+ 36. Qxe1 Nxd4 37. Qb4 Nxb5 38. axb5 Qe6 39. h3 Qe3+ 40.
Kh1 f4 41. Qc4 Qe1+ 42. Kh2 Qg3+ 43. Kg1 f3 44. Qf1 Kf8 45. b6 cxb6 46. c7 Qxc7
47. Qxf3 Kg7 48. Kh1 b5 49. Qd5 b4 0-1

[Event "SR 2. liga A 2002/2003"]
[Site "?"]
[Date "2003.03.15"]
[Round "10.1"]
[White "Flasik, Radoslav"]
[Black "Tibensky, Robert"]
[Result "0-1"]
[WhiteElo "2446"]
[BlackElo "2230"]
[PlyCount "128"]
[EventDate "2002.??.??"]

1. e4 c5 2. c3 d5 3. exd5 Qxd5 4. d4 g6 5. Nf3 Bg7 6. Be2 cxd4 7. cxd4 Nh6 8.
Nc3 Qa5 9. O-O O-O 10. Qb3 Nf5 11. Rd1 Nc6 12. Be3 a6 13. Rac1 e5 14. dxe5 Nxe3
15. fxe3 Nxe5 16. Nd5 Be6 17. Qxb7 Nxf3+ 18. Bxf3 Rab8 19. Qc7 Qxa2 20. Ra1
Qxb2 21. Rxa6 Kh8 22. Rb6 Rxb6 23. Qxb6 Qc2 24. Qb1 Qc8 25. Qb4 h6 26. Nf4 Bf5
27. Qd6 Re8 28. Nd5 Be5 29. Qb4 Qe6 30. Qh4 g5 31. Qf2 Bg6 32. g3 Rb8 33. Bg2
Rb2 34. Qf1 Bg7 35. Kh1 Rxg2 36. Kxg2 Be4+ 37. Kg1 Bxd5 38. Qd3 Be4 39. Qd8+
Kh7 40. Qd7 Qg6 41. Qd2 Qh5 42. Rf1 f5 43. Qd1 Qg6 44. Qb3 h5 45. Rd1 h4 46.
Rd2 Qh5 47. Qd1 Qxd1+ 48. Rxd1 hxg3 49. hxg3 Kg6 50. Rd7 Bc3 51. Kf2 Kh5 52.
Rc7 Bb4 53. Rd7 Kg4 54. Rd8 Be7 55. Rh8 Bd6 56. Rh6 Bxg3+ 57. Ke2 Bd5 58. Rg6
Bh4 59. Rf6 Bf3+ 60. Kf1 Be4 61. Ke2 Kg3 62. Rf7 Kg2 63. Rh7 Bf2 64. Rg7 g4 0-1

[Event "SR 2. liga A 2002/2003"]
[Site "?"]
[Date "2003.03.15"]
[Round "10.1"]
[White "Harasta, Vladimir"]
[Black "Cvicela, Anton"]
[Result "1/2-1/2"]
[WhiteElo "2199"]
[BlackElo "2182"]
[PlyCount "85"]
[EventDate "2002.??.??"]

1. c4 e6 2. Nc3 d5 3. d4 c6 4. e4 dxe4 5. Nxe4 Bb4+ 6. Bd2 Qxd4 7. Bxb4 Qxe4+
8. Be2 Na6 9. Bc3 Ne7 10. Bxg7 Rg8 11. Bf6 Qf5 12. Bc3 Rxg2 13. Nf3 Bd7 14. Qd2
O-O-O 15. O-O-O Ng6 16. Nd4 Qf4 17. Bf3 Rxf2 18. Qxf4 Nxf4 19. Be1 Nc5 20. Bxf2
Ncd3+ 21. Rxd3 Nxd3+ 22. Kd2 Nxf2 23. Rf1 e5 24. Rxf2 Be6 25. Bd5 Bxd5 26. cxd5
Rxd5 27. Rxf7 Rxd4+ 28. Ke3 Rd7 29. Rf5 Re7 30. Ke4 Kd7 31. b4 c5 32. bxc5 Kc6
33. h4 Kxc5 34. h5 b5 35. h6 a5 36. Rxe5+ Rxe5+ 37. Kxe5 b4 38. Kf6 Kd6 39. Kg7
Ke7 40. Kxh7 Kf7 41. Kh8 a4 42. h7 b3 43. a3 1/2-1/2

[Event "SR 2. liga A 2002/2003"]
[Site "?"]
[Date "2003.03.15"]
[Round "10.1"]
[White "Kantorik, Marian"]
[Black "Jablonicky, Frantisek"]
[Result "1/2-1/2"]
[WhiteElo "2351"]
[BlackElo "2234"]
[PlyCount "71"]
[EventDate "2002.??.??"]

1. d4 f5 2. c4 Nf6 3. Nc3 g6 4. Nf3 Bg7 5. g3 d6 6. Bg2 O-O 7. O-O Qe8 8. d5 c5
9. Qc2 Na6 10. a3 Nc7 11. b3 b5 12. Bb2 Rb8 13. Nd2 a6 14. Rad1 Bd7 15. Rfe1 e5
16. dxe6 Bxe6 17. e4 Qf7 18. Nd5 Bxd5 19. exd5 Rfe8 20. b4 cxb4 21. Rxe8+ Ncxe8
22. axb4 bxc4 23. Qxc4 Qc7 24. Rc1 Qxc4 25. Rxc4 Nd7 26. Bxg7 Kxg7 27. f4 Kf6
28. Kf2 Ke7 29. Nb3 Ndf6 30. Nd4 Kd7 31. Nc6 Rb5 32. Nd4 Rb7 33. Ne6 Nc7 34.
Rd4 Rb5 35. Nxc7 Kxc7 36. h3 {
remiza v 48 tahu. Partiare su neuplne, necitatelne, s chybami} 1/2-1/2

[Event "SR 2. liga A 2002/2003"]
[Site "?"]
[Date "2003.03.15"]
[Round "10.1"]
[White "Matulik, Daniel"]
[Black "Kleman, Miroslav"]
[Result "1/2-1/2"]
[WhiteElo "2161"]
[BlackElo "2210"]
[PlyCount "23"]
[EventDate "2002.??.??"]

1. Nf3 Nf6 2. g3 g6 3. Bg2 Bg7 4. O-O O-O 5. d3 d5 6. Nbd2 Nbd7 7. e4 e5 8.
exd5 Nxd5 9. Re1 Re8 10. Nc4 N7b6 11. Nxb6 Nxb6 12. Bg5 1/2-1/2

[Event "SR 2. liga A 2002/2003"]
[Site "?"]
[Date "2003.03.15"]
[Round "10.1"]
[White "Meszaros, Michal"]
[Black "Tepper, Frantisek"]
[Result "0-1"]
[WhiteElo "2309"]
[BlackElo "2215"]
[PlyCount "71"]
[EventDate "2002.??.??"]

1. e4 e5 2. Nf3 Nc6 3. Bb5 f5 4. Nc3 fxe4 5. Nxe4 d5 6. Nxe5 dxe4 7. Nxc6 Qg5
8. Qe2 Nf6 9. f4 Qh4+ 10. g3 Qh3 11. Ne5+ c6 12. Bc4 h5 13. d4 h4 14. Rg1 hxg3
15. hxg3 Qh2 16. Be3 Nd5 17. Bf2 Bb4+ 18. c3 e3 19. Bxd5 exf2+ 20. Qxf2 cxd5
21. cxb4 Bf5 22. Nf3 Qxf2+ 23. Kxf2 Be4 24. Rac1 Kd7 25. Rc3 Rac8 26. Rgc1 Rxc3
27. Rxc3 Rh1 28. a4 Rb1 29. b3 Rd1 30. b5 Bxf3 31. Kxf3 Rxd4 32. Ke3 Re4+ 33.
Kd3 Re1 34. Kd4 Kd6 35. Rc8 Rd1+ 36. Kc3 0-1

[Event "SR 2. liga A 2002/2003"]
[Site "?"]
[Date "2003.03.15"]
[Round "10.2"]
[White "Bisco, Igor"]
[Black "Provaznik, Michal"]
[Result "0-1"]
[WhiteElo "2120"]
[BlackElo "2237"]
[PlyCount "90"]
[EventDate "2002.??.??"]

1. e4 c5 2. Nf3 e6 3. d4 cxd4 4. Nxd4 a6 5. Nc3 Qc7 6. Bd3 d6 7. Be3 Nd7 8. O-O
Ngf6 9. Re1 Ne5 10. h3 Nc4 11. Bxc4 Qxc4 12. a4 Be7 13. a5 O-O 14. Na4 Nd7 15.
Nf3 Qc7 16. Bd4 Rb8 17. Nb6 Bd8 18. Ra3 Nxb6 19. axb6 Qd7 20. e5 dxe5 21. Nxe5
Qb5 22. c4 Qe8 23. Rg3 f6 24. Ng4 Kh8 25. Ne3 Qf7 26. c5 e5 27. Bc3 Be7 28. b4
Be6 29. Qf3 Rfd8 30. Nf5 Bf8 31. h4 Qd7 32. Ne3 Qf7 33. h5 Rd3 34. Ba1 Rbd8 35.
Qe4 h6 36. Rg6 a5 37. f4 axb4 38. fxe5 f5 39. Qxb4 f4 40. Ng4 R8d5 41. Rxe6
Qxe6 42. Qxf4 Bxc5+ 43. Kh2 Rd1 44. Rxd1 Rxd1 45. Qa4 Rxa1 0-1

[Event "SR 2. liga A 2002/2003"]
[Site "?"]
[Date "2003.03.15"]
[Round "10.2"]
[White "Dudas, Jan"]
[Black "Lauf, Pavol"]
[Result "1-0"]
[WhiteElo "2341"]
[BlackElo "2135"]
[PlyCount "31"]
[EventDate "2002.??.??"]

1. e4 g6 2. d4 Bg7 3. Nc3 d6 4. Bg5 c6 5. Qd2 Qa5 6. f4 Nf6 7. Nf3 c5 8. e5
cxd4 9. Bb5+ Bd7 10. Nxd4 dxe5 11. fxe5 Ng4 12. Bxe7 Bxe5 13. O-O-O Bxb5 14.
Ndxb5 Nf6 15. b4 Qb6 16. Bc5 1-0

[Event "SR 2. liga A 2002/2003"]
[Site "?"]
[Date "2003.03.15"]
[Round "10.2"]
[White "Eged, Igor"]
[Black "Machalova, Maria"]
[Result "0-1"]
[WhiteElo "2076"]
[BlackElo "2153"]
[PlyCount "80"]
[EventDate "2002.??.??"]

1. e4 c5 2. Nf3 Nc6 3. d4 cxd4 4. Nxd4 g6 5. c4 Bg7 6. Be3 Nf6 7. Nc3 O-O 8.
Be2 d6 9. Nc2 a5 10. O-O Nb4 11. Nd4 Na6 12. f3 Nc5 13. Qd2 Ne6 14. Ndb5 Bd7
15. Na4 Ra6 16. Rfd1 Bc6 17. Qc2 Nd7 18. Rac1 Ra8 19. Qb3 b6 20. Nac3 Ndc5 21.
Qc2 Qc8 22. Nd5 Qb7 23. Nbc3 f5 24. exf5 Rxf5 25. Qd2 Raf8 26. Rf1 Bxc3 27.
Nxc3 Nf4 28. Rf2 Nd7 29. Bd3 Nxd3 30. Qxd3 Ne5 31. Qd4 Bxf3 32. gxf3 Nxf3+ 33.
Rxf3 Qxf3 34. Nd5 R8f7 35. Re1 Re5 36. Qd2 Qg4+ 37. Qg2 Qxc4 38. Nxb6 Rxe3 39.
Qa8+ Rf8 40. Rf1 Qxf1# 0-1

[Event "SR 2. liga A 2002/2003"]
[Site "?"]
[Date "2003.03.15"]
[Round "10.2"]
[White "Felcir, Jaroslav"]
[Black "Kovacocy, Pavel"]
[Result "0-1"]
[WhiteElo "2216"]
[BlackElo "2230"]
[PlyCount "64"]
[EventDate "2002.??.??"]

1. e4 c5 2. Nf3 Nc6 3. Nc3 g6 4. d4 cxd4 5. Nxd4 Bg7 6. Be3 Nf6 7. Nxc6 bxc6 8.
e5 Ng8 9. f4 f6 10. Bd4 Qa5 11. e6 d5 12. f5 Rb8 13. Qf3 Rxb2 14. Bd3 Qb4 15.
Qf2 c5 16. O-O Qxd4 17. Qxd4 cxd4 18. Nxd5 gxf5 19. Nc7+ Kd8 20. Nb5 Bh6 21.
Rad1 Be3+ 22. Kh1 Bxe6 23. Nxa7 Bd7 24. a4 Nh6 25. Rb1 Rxb1 26. Rxb1 Kc7 27. h3
Nf7 28. Nb5+ Bxb5 29. axb5 Nd6 30. b6+ Kb7 31. g4 fxg4 32. Be2 h5 {time} 0-1

[Event "SR 2. liga A 2002/2003"]
[Site "?"]
[Date "2003.03.15"]
[Round "10.2"]
[White "Szollos, Ondrej"]
[Black "Petreje, Juraj"]
[Result "1/2-1/2"]
[WhiteElo "2106"]
[BlackElo "2180"]
[PlyCount "95"]
[EventDate "2002.??.??"]

1. Nf3 c5 2. d3 Nc6 3. c3 Nf6 4. e4 e5 5. Be2 Be7 6. O-O O-O 7. Re1 d5 8. Qc2
h6 9. Nbd2 Be6 10. Nf1 Rc8 11. Ng3 Qd7 12. Bd2 Rfe8 13. Rad1 a6 14. Qb1 b5 15.
b4 cxb4 16. cxb4 Bf8 17. a3 Qd6 18. exd5 Qxd5 19. Bc3 Nd4 20. Bxd4 exd4 21. Ne4
Nd7 22. Qa1 f5 23. Ned2 Rc2 24. Nxd4 Ra2 25. Qc3 Ne5 26. Nxe6 Rxe6 27. Bf3
Nxf3+ 28. Nxf3 Rc6 29. Qd4 Qxd4 30. Nxd4 Rc3 31. Nxf5 Rcxa3 32. d4 Bxb4 33. Rf1
Bd2 34. f4 Rd3 35. Ra1 Rxa1 36. Rxa1 a5 37. Ne7+ Kf7 38. Nc6 Bc3 39. Rb1 Bxd4+
40. Nxd4 Rxd4 41. Rxb5 a4 42. f5 Rd2 43. Ra5 Ra2 44. Ra6 a3 45. h3 Ke7 46. Kh2
Kf7 47. Kg3 Ra1 48. Kf2 1/2-1/2

[Event "SR 2. liga A 2002/2003"]
[Site "?"]
[Date "2003.03.15"]
[Round "10.3"]
[White "Bury, Rastislav"]
[Black "Michal, Silvio"]
[Result "1/2-1/2"]
[WhiteElo "1984"]
[BlackElo "2168"]
[PlyCount "37"]
[EventDate "2002.??.??"]

1. d4 Nf6 2. c4 g6 3. Nc3 d5 4. Bg5 Ne4 5. Bh4 Nxc3 6. bxc3 Bg7 7. Nf3 O-O 8.
e3 dxc4 9. Bxc4 c5 10. O-O cxd4 11. exd4 Nc6 12. Re1 Bg4 13. h3 Bxf3 14. Qxf3
Qc7 15. Bd5 e6 16. Bxc6 Qxc6 17. Qxc6 bxc6 18. Rab1 Rfc8 19. Be7 1/2-1/2

[Event "SR 2. liga A 2002/2003"]
[Site "?"]
[Date "2003.03.15"]
[Round "10.3"]
[White "Hartl, Jan"]
[Black "Syrovy, Ivan"]
[Result "1-0"]
[WhiteElo "2154"]
[BlackElo "2066"]
[PlyCount "77"]
[EventDate "2002.??.??"]

1. e4 c6 2. d4 d5 3. Nc3 dxe4 4. Nxe4 Nd7 5. Nf3 Ngf6 6. Nxf6+ Nxf6 7. Bc4 Bf5
8. O-O e6 9. Re1 Qc7 10. Ne5 Bd6 11. h3 O-O-O 12. Qe2 Nd5 13. Bb3 Bxe5 14. dxe5
h6 15. a3 g5 16. c4 Nb6 17. Bc2 Bxc2 18. Qxc2 Nd7 19. Bd2 Nxe5 20. Bc3 f6 21.
Qe4 Rhf8 22. Bxe5 fxe5 23. Qg6 Qf7 24. Qxf7 Rxf7 25. Rxe5 Rd2 26. f3 Rxb2 27.
Rxe6 Rc2 28. Rxh6 Rxc4 29. Rg6 Rc5 30. Re1 a5 31. Re8+ Kc7 32. Reg8 Rc3 33.
Rxg5 Rxa3 34. h4 b5 35. h5 b4 36. h6 b3 37. R5g7 Rxg7 38. hxg7 b2 39. Rb8 1-0

[Event "SR 2. liga A 2002/2003"]
[Site "?"]
[Date "2003.03.15"]
[Round "10.3"]
[White "Machalova, Veronika"]
[Black "Kuna, Vladimir"]
[Result "1/2-1/2"]
[WhiteElo "2143"]
[BlackElo "2159"]
[PlyCount "80"]
[EventDate "2002.??.??"]

1. e4 c5 2. Nf3 d6 3. d4 cxd4 4. Nxd4 Nf6 5. Nc3 a6 6. Be2 e6 7. O-O Be7 8. a4
Qc7 9. Be3 Nbd7 10. Qd2 b6 11. f3 Bb7 12. Bf2 O-O 13. Kh1 Rfd8 14. Rfd1 Rac8
15. Bf1 Ne5 16. Qe3 Nc4 17. Bxc4 Qxc4 18. Nb3 Nd7 19. Bg3 Qc6 20. Qe2 Nf6 21.
Bf2 Kf8 22. Qe3 Nd7 23. Qf4 g5 24. Qe3 Bf6 25. Bg3 Ne5 26. Nd2 h5 27. Ra3 Qc5
28. Qe2 Nc4 29. Nxc4 Qxc4 30. Qxc4 Rxc4 31. Rxd6 Rxd6 32. Bxd6+ Ke8 33. Bg3
Bxc3 34. bxc3 Bc6 35. Bf2 Bxa4 36. Bxb6 Bb5 37. Bd4 Ke7 38. Kg1 f6 39. Kf2 e5
40. Be3 Ra4 1/2-1/2

[Event "SR 2. liga A 2002/2003"]
[Site "?"]
[Date "2003.03.15"]
[Round "10.3"]
[White "Sarmir, Milos"]
[Black "Minich, Peter"]
[Result "1/2-1/2"]
[WhiteElo "2149"]
[BlackElo "2212"]
[PlyCount "105"]
[EventDate "2002.??.??"]

1. e4 Nf6 2. e5 Nd5 3. d4 c6 4. c4 Nc7 5. Nc3 d6 6. Nf3 dxe5 7. Nxe5 Nd7 8. Bf4
Ne6 9. Nxd7 Nxf4 10. Nxf8 Kxf8 11. Qd2 Qc7 12. g3 Ng6 13. Bg2 h5 14. O-O-O Bg4
15. f3 Be6 16. d5 cxd5 17. cxd5 Rd8 18. Qg5 Bc8 19. Rhe1 h4 20. f4 hxg3 21.
hxg3 Rh2 22. Be4 Qb6 23. Bc2 Qf6 24. Qxf6 gxf6 25. Rh1 Rxh1 26. Rxh1 Kg7 27.
Re1 f5 28. Rh1 Bd7 29. Rh5 e6 30. Nd1 Ne7 31. dxe6 fxe6 32. Ne3 Bc6 33. g4 Ng6
34. gxf5 Nxf4 35. Rh2 e5 36. Ng4 e4 37. f6+ Kg6 38. f7 Kf5 39. Ne3+ Kg5 40. Bb3
a5 41. a3 Rf8 42. Rh1 Ne2+ 43. Kd2 Nd4 44. Ba2 Kf6 45. Rh6+ Ke7 46. Rh5 Rd8 47.
Ke1 a4 48. Nf5+ Nxf5 49. Rxf5 Rh8 50. Rg5 Rh6 51. Kd2 Rf6 52. Ke3 Rf3+ 53. Kd4
{dalsi priebeh nebolo mozne zrekonstruovat, v oboch partiaroch boli chyby a
chybali tahy. remiza po 57 tahu} 1/2-1/2

[Event "SR 2. liga A 2002/2003"]
[Site "?"]
[Date "2003.03.15"]
[Round "10.3"]
[White "Sochna, D."]
[Black "Skreno, Vladimir"]
[Result "1/2-1/2"]
[WhiteElo "2223"]
[BlackElo "2115"]
[PlyCount "33"]
[EventDate "2002.??.??"]

1. Nf3 g6 2. e4 d6 3. d4 Bg7 4. Nc3 Nf6 5. h3 O-O 6. Be3 Nbd7 7. Qd2 c5 8. d5
a6 9. a4 Qa5 10. Ra3 Rd8 11. Bd3 Qc7 12. Qe2 b6 13. O-O Nh5 14. g4 Nhf6 15. Nd2
e5 16. dxe6 fxe6 17. f4 1/2-1/2

[Event "SR 2. liga A 2002/2003"]
[Site "?"]
[Date "2003.03.15"]
[Round "10.4"]
[White "Gajarsky, Roman"]
[Black "Horak, Ivan"]
[Result "0-1"]
[WhiteElo "2051"]
[BlackElo "2198"]
[PlyCount "148"]
[EventDate "2002.??.??"]

1. e4 c5 2. c4 Nc6 3. Nc3 e6 4. Nf3 Nf6 5. d4 cxd4 6. Nxd4 Bb4 7. Nxc6 Bxc3+ 8.
bxc3 dxc6 9. Qxd8+ Kxd8 10. f3 e5 11. Be2 Be6 12. Kf2 Kc7 13. Be3 Nd7 14. Rhb1
c5 15. f4 f6 16. f5 Bf7 17. a4 b6 18. a5 Rhd8 19. Rb2 Rab8 20. Rd2 h6 21. h4
Nf8 22. axb6+ Kxb6 23. Rb2+ Kc6 24. Ra6+ Rb6 25. Rbxb6+ axb6 26. Ra7 Nd7 27. g4
Rb8 28. g5 hxg5 29. hxg5 Bg8 30. g6 Rd8 31. Ke1 Rb8 32. Kd2 Rb7 33. Ra1 Nb8 34.
Ra8 Rd7+ 35. Kc2 Kb7 36. Ra1 Nc6 37. Rb1 Kc7 38. Ra1 Kb8 39. Rb1 Kc7 40. Ra1
Rd8 41. Ra4 Kb7 42. Ra1 Ra8 43. Rb1 Ra2+ 44. Rb2 Rxb2+ 45. Kxb2 Na5 46. Kc2 Kc6
47. Bc1 Kd6 48. Bd3 Ke7 49. Kd1 Bxc4 50. Bxc4 Nxc4 51. Kc2 Nd6 52. Kd3 Kd7 53.
Bd2 Kc6 54. Bh6 Ne8 55. Bc1 Kb5 56. Bd2 Kc6 57. Bc1 b5 58. Bd2 Kd7 59. Bc1 Kc7
60. Ba3 Kb6 61. Bc1 Kc6 62. Bd2 Kd7 63. Bc1 Kc7 64. Ba3 Kb6 65. Bc1 Ka5 66. Be3
c4+ 67. Ke2 b4 68. Bc5 b3 69. Kd2 Kb5 70. Bf8 Kc6 71. Kc1 Kd7 72. Kb2 Nd6 73.
Bxg7 Ke7 74. Bh6 Nxe4 0-1

[Event "SR 2. liga A 2002/2003"]
[Site "?"]
[Date "2003.03.15"]
[Round "10.4"]
[White "Hecht, Tomas"]
[Black "Hecko, Dusan"]
[Result "0-1"]
[WhiteElo "2050"]
[BlackElo "2168"]
[PlyCount "86"]
[EventDate "2002.??.??"]

1. e4 c6 2. d4 d5 3. Nc3 dxe4 4. Nxe4 Bf5 5. Ng3 Bg6 6. h4 h6 7. Nf3 Nd7 8. Bd3
Bxd3 9. Qxd3 Qc7 10. Be3 Ngf6 11. O-O-O e6 12. Nd2 Be7 13. Nge4 Nxe4 14. Nxe4
Nf6 15. Nxf6+ Bxf6 16. Qe4 Qa5 17. Kb1 Qd5 18. Qxd5 cxd5 19. Bf4 Rc8 20. Be5
Bxe5 21. dxe5 h5 22. c3 Ke7 23. Rh3 Rc4 24. Rd4 Rhc8 25. Rhd3 b5 26. Kc2 a5 27.
Rxc4 dxc4 28. Rd6 Rc5 29. f4 f6 30. Ra6 fxe5 31. Rxa5 exf4 32. a4 Kd6 33. axb5
g5 34. Ra6+ Ke5 35. hxg5 Rxb5 36. Rc6 Kd5 37. Rc7 e5 38. g6 Rb6 39. Rd7+ Ke4
40. Rc7 Rxg6 41. Rxc4+ Ke3 42. Rc5 Rxg2+ 43. Kb3 Rg5 0-1

[Event "SR 2. liga A 2002/2003"]
[Site "?"]
[Date "2003.03.15"]
[Round "10.4"]
[White "Janos, Ivan"]
[Black "Chovanec, Vladimir"]
[Result "0-1"]
[WhiteElo "2137"]
[BlackElo "2057"]
[PlyCount "65"]
[EventDate "2002.??.??"]

1. e4 d6 2. c4 Nf6 3. Nc3 g6 4. d4 Bg7 5. Be2 O-O 6. Bg5 h6 7. Be3 Nbd7 8. Qd2
Kh7 9. h4 e5 10. h5 g5 11. O-O-O Qe7 12. Bxg5 hxg5 13. h6 Bh8 14. Nf3 Rg8 15.
Nxg5+ Rxg5 16. Qxg5 Nf8 17. dxe5 Qxe5 18. Qxe5 dxe5 19. Nd5 Ne6 20. g4 c6 21.
Ne7 Nd4 22. Rxd4 exd4 23. e5 Ne4 24. Bd3 f5 25. gxf5 Nxf2 26. Rg1 Nxd3+ 27. Kd2
Nxe5 28. Rg8 Nxc4+ 29. Kc1 Bf6 30. Rxc8 Rxc8 31. Nxc8 d3 32. b3 Bg5+ 33. Kd1
0-1

[Event "SR 2. liga A 2002/2003"]
[Site "?"]
[Date "2003.03.15"]
[Round "10.4"]
[White "Kralovic, Andrej"]
[Black "Kohlman, Robert"]
[Result "1/2-1/2"]
[WhiteElo "2055"]
[BlackElo "2213"]
[PlyCount "50"]
[EventDate "2002.??.??"]

1. c4 d6 2. Nc3 e5 3. g3 Nf6 4. Bg2 g6 5. d3 Bg7 6. e3 O-O 7. Nge2 c6 8. Qb3
Nbd7 9. O-O Nc5 10. Qc2 Bf5 11. e4 Bg4 12. h3 Be6 13. f4 exf4 14. Nxf4 Ncd7 15.
Nxe6 fxe6 16. Be3 Qc7 17. Ne2 e5 18. Kh2 Rf7 19. Nc3 Nf8 20. Rae1 Ne6 21. Ne2
Raf8 22. Qd2 Nh5 23. Rxf7 Rxf7 24. Ng1 Nd4 25. Rf1 Rxf1 1/2-1/2